Biological rhythms

Bibliographic Details
Other Authors: Vinod Kumar
Format: Book
Published: New Delhi Chennai Mumbai Kolkata : Narosa Publishing House , 2002
Subjects:

MARC

LEADER 00000cam a2200000 7i4500
001 0000003175
005 20050309.0
020 0 0 |a 8173193851 
090 0 0 |a 574.1882   |b BIO 
245 0 0 |a Biological rhythms   |c editor Vinod Kumar. 
260 0 0 |a New Delhi   |a Chennai   |a Mumbai   |a Kolkata :   |b Narosa Publishing House ,   |c 2002 
300 |a xvi, 254 p. :   |b ill. ;   |c 25 cm. 
650 0 0 |a Biological rhythms 
650 0 0 |a Organisms   |a Biological rhythms 
700 1 1 |a Vinod Kumar 
999 |a 0000005907   |b Monograph   |c Open Shelf   |e Default branch